Sustainable tourism (Record no. 364768)
[ view plain ]
| 000 -LEADER | |
|---|---|
| fixed length control field | 00565nam a22002057a 4500 |
| 003 - CONTROL NUMBER IDENTIFIER | |
| control field | 0 |
| 005 - DATE AND TIME OF LATEST TRANSACTION | |
| control field | 20220808141821.0 |
| 008 - FIXED-LENGTH DATA ELEMENTS--GENERAL INFORMATION | |
| fixed length control field | 220808b xxu||||| |||| 00| 0 eng d |
| 020 ## - INTERNATIONAL STANDARD BOOK NUMBER | |
| International Standard Book Number | 978-621-04-0102-8 |
| 050 ## - LIBRARY OF CONGRESS CALL NUMBER | |
| Classification number | FIL G156.5 |
| Item number | .C78 2019 |
| 245 ## - TITLE STATEMENT | |
| Title | Sustainable tourism |
| Statement of responsibility, etc | Reil G. Cruz |
| 250 ## - EDITION STATEMENT | |
| Edition statement | 1st. ed. |
| 260 ## - PUBLICATION, DISTRIBUTION, ETC. (IMPRINT) | |
| Place of publication, distribution, etc | Manila |
| Name of publisher, distributor, etc | Rex bookstore Inc. |
| Date of publication, distribution, etc | C2019 |
| 300 ## - PHYSICAL DESCRIPTION | |
| Extent | ix,218pp. |
| Dimensions | 25cm |
| Accompanying material | Includes index. |
| Type of unit | Book |
| 500 ## - GENERAL NOTE | |
| General note | Sustainable tourism. |
| 500 ## - GENERAL NOTE | |
| General note | Ecotourism. |
| 500 ## - GENERAL NOTE | |
| General note | Tourism--environment aspects. |
| 500 ## - GENERAL NOTE | |
| General note | Tourism. |
| 942 ## - ADDED ENTRY ELEMENTS (KOHA) | |
| Source of classification or shelving scheme | Library of Congress Classification |
| Koha item type | Books |
| Withdrawn status | Lost status | Source of classification or shelving scheme | Damaged status | Home library | Current library | Shelving location | Date acquired | Source of acquisition | Total Checkouts | Full call number | Barcode | Date last seen | Price effective from | Koha item type | Total Renewals | Date checked out |
|---|---|---|---|---|---|---|---|---|---|---|---|---|---|---|---|---|
| Library of Congress Classification | College Library | College Library | Filipiniana Section | 08/08/2022 | Library Fund | G156.5 .C78 2019 | C22679 | 08/08/2022 | 08/08/2022 | Books | ||||||
| Library of Congress Classification | College Library | College Library | Filipiniana Section | 08/08/2022 | Library Fund | 2 | G156.5 .C78 2019 | C22680 | 05/09/2024 | 08/08/2022 | Books | 5 | 09/19/2023 |